Evaluación de una guía para el manejo y cuidado de la herida quirúrgica, para la prevención de infecciones postoperatorias en pacientes sometidos a cirugía plástica en una ips de la ciudad de cartagena-colombia 2024. / (Registro nro. 49021)

Detalles MARC
000 -LEADER
fixed length control field 02163nam a2200241 4500
005 - DATE AND TIME OF LATEST TRANSACTION
control field 20250618204447.0
008 - FIXED-LENGTH DATA ELEMENTS--GENERAL INFORMATION
fixed length control field 190415s2025 000 0 eng d
040 ## - CATALOGING SOURCE
Original cataloging agency CO-CtgCURN
Language of cataloging spa
Transcribing agency coctgcurn
082 0# - DEWEY DECIMAL CLASSIFICATION NUMBER
Classification number INQ 2025
Item number H557
100 1# - MAIN ENTRY--PERSONAL NAME
Personal name Hernandez Marquez, Daniela Alejandra.
245 10 - TITLE STATEMENT
Title Evaluación de una guía para el manejo y cuidado de la herida quirúrgica, para la prevención de infecciones postoperatorias en pacientes sometidos a cirugía plástica en una ips de la ciudad de cartagena-colombia 2024. /
Statement of responsibility, etc. Daniela Alejandra Hernandez Marquez; Nicole Valentina Olaya Arce; Asesores: Hernando Cifuentes Bueres; Jaime Alberto Lorduy Gomez.
260 ## - PUBLICATION, DISTRIBUTION, ETC.
Place of publication, distribution, etc. Cartagena de Indias :
Name of publisher, distributor, etc. Corporación Universitaria Rafael Nuñez,
Date of publication, distribution, etc. 2025.
300 ## - PHYSICAL DESCRIPTION
Extent 66 hojas.
504 ## - BIBLIOGRAPHY, ETC. NOTE
Bibliography, etc. note Trabajo de grado (Instrumentación quirúrgica). Corporación Universitaria Rafael Nuñez. Facultad de Ciencias de la Salud. Instrumentación Quirúrgica, 2025.
520 ## - SUMMARY, ETC.
Summary, etc. "La cirugía plástica, tanto reconstructiva como estética, han experimentado un crecimiento exponencial a nivel global (15.8 millones de procedimientos quirúrgicos en 2023). Sin embargo, la proliferación de clínicas clandestinas, con estándares insuficientes, ha incrementado complicaciones como infecciones del sitio quirúrgico (ISQ), que afectan al 1-20% de los pacientes y generan costos adicionales de más de 10 mil millones de dólares anuales. También existen factores que incrementan la vulnerabilidad de los pacientes a desarrollar ISQ, como el estado nutricional, la presencia de comorbilidades, el uso de dispositivos invasivos y la duración prolongada de la cirugía"
650 #0 - SUBJECT ADDED ENTRY--TOPICAL TERM
Topical term or geographic name entry element Instrumentación quirúrgica
Form subdivision Tesis y disertaciones academicas.
700 1# - ADDED ENTRY--PERSONAL NAME
Personal name Olaya Arce, Nicole Valentina.
700 1# - ADDED ENTRY--PERSONAL NAME
Personal name Cifuentes Bueres, Hernando,
Relator term Asesor.
700 1# - ADDED ENTRY--PERSONAL NAME
Personal name Lorduy Gómez, Jaime Alberto,
Relator term Asesor.
856 ## - ELECTRONIC LOCATION AND ACCESS
Uniform Resource Identifier <a href="https://unicurn.sharepoint.com/:b:/s/biblioteca/EV9B5lgCbGZPmJC890gtunwBWZ2kLSY7TppdP59CXLxNmQ?e=iSoIdu">https://unicurn.sharepoint.com/:b:/s/biblioteca/EV9B5lgCbGZPmJC890gtunwBWZ2kLSY7TppdP59CXLxNmQ?e=iSoIdu</a>
Public note Click aqui para ver el recurso en texto completo
942 ## - ADDED ENTRY ELEMENTS (KOHA)
Source of classification or shelving scheme Dewey Decimal Classification
Koha item type Trabajos de grado
Classification part INQ 2025
Item part H557
Existencias
Withdrawn status Lost status Source of classification or shelving scheme Damaged status Not for loan Collection Home library Current library Shelving location Date acquired Source of acquisition Cost, normal purchase price Inventory number Total checkouts Full call number Barcode Date last seen Price effective from Koha item type
    Dewey Decimal Classification     Trabajos de grado Miguel Henríquez Emiliani Miguel Henríquez Emiliani Trabajo de grado 06/01/2019 El autor 350000.00 025509   INQ 2025 H557 025509 06/20/2019 06/20/2019 Trabajos de grado